Music Quiz

Random Music or Rock Quiz

Slightly Wrong Songs Quiz Stats

 Plays Quiz Updated Jun 28, 2012

Challenge
Share
Tweet
Embed
Score 0/25 Timer 05:00
0 Plays Today
Lyric Correct Word % Correct
Drove my Chevy to the levee but the levee was condemned.Dry, not condemned
92.5%
It's been a hard day's night, and I been panting like a dog.Working, not panting
84.4%
Jeremiah was a bullfrog...was a good friend of Kermit's.Mine, not Kermit's
81.4%
Like a virgin...debauched for the very first time.Touched, not debauched
81.2%
You can tell by the way I use my caulk, I'm a woman's man - no time to talk. Walk, not caulk
76%
Let's spend the night together. Now I need you more than Heather.Ever, not Heather
75.3%
She's got legs, she knows how to shave them.Use, not shave
70.7%
Footloose...kick off your saddle shoes. Sunday, not saddle
70.6%
If you want my bagel and you think I'm sexy come on sugar let me know.Body, not bagel
70.5%
I'm in cuffs, I'm all shook up.Love, not cuffs
65.6%
No onions, no cry.Woman, not onions
64.6%
Carry on my wayward son, there'll be beer when you are done.Peace, not beer
63.1%
Sweet Home Alabama. Mort, I'm coming home to you.Lord, not Mort
60.5%
Lyric Correct Word % Correct
I'm not dumb but I can't understand why she walked like a woman and snored like a man.Talked, not snored
59.2%
I'll nuke the world and melt with you.Stop, not nuke
57.1%
Dirty movies and they're done dirt cheap.Deeds, not movies
56.5%
I found my thrill on Boysenberry Hill.Blueberry, not Boysenberry
54.8%
Smoke on the water, fire in the stern.Sky, not stern
53%
Against the wind, we were punting against the wind.Running, not punting
52.8%
Glory days they'll pass you by. Glory days in the wink of a young Cyclops' eye.Girl's, not Cyclops'
52.4%
If you go then I'll be blue cuz waking up is hard to do.Breaking, not waking
48.8%
She's a very cerebral girl...the kind you don't take home to motherKinky, not cerebral
38.3%
Lady from the moment I saw you...bowling all alone.Standing, not bowling
37.8%
Mommy's alright, Daddy's alright, they just dance a little weird.Seem, not dance
33%
We've both been sound asleep. Wake up, little Susie, and clean.Weep, not clean
13%

You're not logged in!

Compare scores with friends on all Sporcle quizzes.
OR
Log In

You Might Also Like...

Show Comments

Extras

Top Quizzes Today


Score Distribution

Your Account Isn't Verified!

In order to create a playlist on Sporcle, you need to verify the email address you used during registration. Go to your Sporcle Settings to finish the process.

Report this User

Report this user for behavior that violates our Community Guidelines.

Details: